| Current Events - U.S. | 3 | 16.67 | 100% | 33% | 33% |
| Current Events - World | 4 | 17.50 | 100% | 50% | 25% |
| Fine Arts - Architecture | 1 | 10.00 | 100% | 0% | 0% |
| Fine Arts - Ballet/Dance | 1 | 20.00 | 100% | 100% | 0% |
| Fine Arts - Film | 2 | 15.00 | 100% | 50% | 0% |
| Fine Arts - Jazz | 1 | 20.00 | 100% | 100% | 0% |
| Fine Arts - Miscellaneous | 2 | 20.00 | 100% | 100% | 0% |
| Fine Arts - Music | 6 | 16.67 | 83% | 67% | 17% |
| Fine Arts - Opera | 2 | 15.00 | 100% | 50% | 0% |
| Fine Arts - Painting | 8 | 17.50 | 100% | 63% | 13% |
| Fine Arts - Photography | 2 | 15.00 | 100% | 50% | 0% |
| Fine Arts - Sculpture | 3 | 26.67 | 100% | 100% | 67% |
| Geography - United States | 1 | 20.00 | 100% | 100% | 0% |
| Geography - World | 2 | 20.00 | 100% | 100% | 0% |
| History - American | 10 | 20.00 | 90% | 100% | 10% |
| History - Cross, Historiography, and Miscellaneous | 9 | 21.11 | 100% | 67% | 44% |
| History - European | 9 | 26.67 | 100% | 100% | 67% |
| History - World | 12 | 23.33 | 100% | 83% | 50% |
| Literature - American | 10 | 21.00 | 100% | 80% | 30% |
| Literature - British | 10 | 22.00 | 100% | 80% | 40% |
| Literature - European | 10 | 23.00 | 100% | 80% | 50% |
| Literature - World and Miscellaneous | 12 | 26.67 | 100% | 100% | 67% |
| Other - Other Academic and General Knowledge | 9 | 17.78 | 89% | 67% | 22% |
| RMP - Buddhism | 1 | 30.00 | 100% | 100% | 100% |
| RMP - Christian Practice | 1 | 10.00 | 100% | 0% | 0% |
| RMP - East Asian Religion | 1 | 20.00 | 100% | 100% | 0% |
| RMP - Greco-Roman Mythology | 1 | 30.00 | 100% | 100% | 100% |
| RMP - Hinduism | 1 | 30.00 | 100% | 100% | 100% |
| RMP - Islam | 2 | 15.00 | 100% | 50% | 0% |
| RMP - New Testament | 2 | 10.00 | 100% | 0% | 0% |
| RMP - Other Religion | 2 | 10.00 | 100% | 0% | 0% |
| RMP - Philosophy | 4 | 15.00 | 100% | 50% | 0% |
| RMP - World Mythology | 5 | 20.00 | 100% | 80% | 20% |
| Science - Astronomy | 2 | 15.00 | 100% | 50% | 0% |
| Science - Biology | 10 | 19.00 | 90% | 80% | 20% |
| Science - Chemistry | 7 | 20.00 | 100% | 71% | 29% |
| Science - Computer Science | 1 | 10.00 | 100% | 0% | 0% |
| Science - Earth | 3 | 16.67 | 100% | 67% | 0% |
| Science - Engineering and Miscellaneous | 2 | 15.00 | 100% | 0% | 50% |
| Science - Math | 2 | 25.00 | 100% | 50% | 100% |
| Science - Physics | 12 | 20.00 | 100% | 50% | 50% |
| Social Science - Anthropology | 1 | 30.00 | 100% | 100% | 100% |
| Social Science - Economics | 3 | 16.67 | 100% | 67% | 0% |
| Social Science - Other | 1 | 20.00 | 100% | 100% | 0% |
| Social Science - Psychology | 4 | 15.00 | 100% | 50% | 0% |
| Social Science - Sociology | 1 | 20.00 | 100% | 100% | 0% |